FMD drives up farmland prices (Record no. 67979)

MARC details
000 -LEADER
fixed length control field 00745cam a2200217 4500
001 - CONTROL NUMBER
control field WB3731-57
008 - FIXED-LENGTH DATA ELEMENTS--GENERAL INFORMATION
fixed length control field 010809n2001 000 0 eng u
035 ## - SYSTEM CONTROL NUMBER
System control number (Sirsi) u114046
245 ## - TITLE STATEMENT
Title FMD drives up farmland prices
260 ## - PUBLICATION, DISTRIBUTION, ETC.
Date of publication, distribution, etc. 2001
490 ## - SERIES STATEMENT
Series statement RICS Press Release
Volume/sequential designation (pr100) 31 July 2001, (2)
520 ## - SUMMARY, ETC.
Summary, etc. The RICS rural survey for 2Q 2001 shows an 12.8% increase in farmland prices in 1Q 2001, from £7,155 to £8,072 per hectare. Continuing outbreaks of foot and mouth and movement restrictions are likely to have caused the rise.
590 ## - LOCAL NOTE (RLIN)
Local note WB
650 ## - SUBJECT ADDED ENTRY--TOPICAL TERM
Topical term or geographic name entry element RICS
650 ## - SUBJECT ADDED ENTRY--TOPICAL TERM
Topical term or geographic name entry element FARMLAND PRICES
650 ## - SUBJECT ADDED ENTRY--TOPICAL TERM
Topical term or geographic name entry element FOOT-AND-MOUTH DISEASE
650 ## - SUBJECT ADDED ENTRY--TOPICAL TERM
Topical term or geographic name entry element RURAL ECONOMY
650 ## - SUBJECT ADDED ENTRY--TOPICAL TERM
Topical term or geographic name entry element FARMS
690 ## - LOCAL SUBJECT ADDED ENTRY--TOPICAL TERM (OCLC, RLIN)
Topical term or geographic name as entry element RURAL-MARKET
942 ## - ADDED ENTRY ELEMENTS (KOHA)
Suppress in OPAC 0
Holdings
Withdrawn status Lost status Source of classification or shelving scheme Damaged status Not for loan Home library Current library Shelving location Date acquired Total Checkouts Full call number Barcode Date last seen Copy number Price effective from Koha item type
    Dewey Decimal Classification     London London News article 09/08/2001   WB3731-57 114046-1001 06/08/2019 1 06/08/2019 News article